[Event "Riga Tech op 11th"]
[Site "Riga"]
[Date "2022.08.15"]
[Round "1"]
[White "Paulus, Jeffrey"]
[Black "Tomaszewski, Kacper"]
[Result "1/2-1/2"]
[WhiteElo "1940"]
[BlackElo "2327"]
[PlyCount "154"]
[EventDate "2022.08.15"]
[EventType "swiss"]
[EventRounds "9"]
[EventCountry "LAT"]
[SourceTitle "CBM 209 Extra"]
[Source "ChessBase"]
[SourceDate "2022.09.30"]
[SourceVersion "1"]
[SourceVersionDate "2022.09.30"]
[SourceQuality "1"]

1. Nf3 d5 2. g3 g6 3. Bg2 Bg7 4. 0-0 e5 5. d3 Ne7 6. Nbd2 0-0 7. e4 Nbc6 8. b3 h6 9. Ba3 Re8 10. Rc1 Be6 11. Re1 d4 12. c3 dxc3 13. Rxc3 Qd7 14. Qc1 Rac8 15. Nc4 b5 16. Bxe7 Rxe7 17. Ne3 Nd4 18. Rc5 Nxf3+ 19. Bxf3 c6 20. Re2 Ree8 21. Qb2 Red8 22. Rd2 Qd6 23. Qc1 a5 24. Rd1 Bc4 25. Rxc4 bxc4 26. Nxc4 Qb4 27. Qe3 c5 28. Qd2 Ra8 29. Bg4 Ra6 30. Ne3 h5 31. Be2 Bh6 32. Qb2 Qd4 33. Qxd4 cxd4 34. Nc4 f6 35. Rb1 Rb8 36. Bd1 Kf7 37. Kg2 Bf8 38. a3 Ra7 39. Bc2 Ke6 40. f3 Rc7 41. Bd1 Ra8 42. h4 Rb8 43. Kf2 Bc5 44. Kg2 Be7 45. Kf2 g5 46. Kg2 gxh4 47. gxh4 f5 48. Kh3 f4 49. Rb2 Rg8 50. b4 axb4 51. axb4 Rg1 52. Ba4 Bd8 53. Be8 Rh1+ 54. Rh2 Rxh2+ 55. Kxh2 Bxh4 56. b5 Bd8 57. b6 Rxc4 58. dxc4 Bxb6 59. Kh3 Bd8 60. Bxh5 Kd6 61. Kg2 Bh4 62. Be8 Kc5 63. Kf1 d3 64. Bb5 Bg3 65. Ba6 Bh4 66. Bb5 Be7 67. Ke1 Kd4 68. Bd7 Kxc4 69. Kd1 Kd4 70. Bf5 Ke3 71. Bg4 Bb4 72. Bh5 Kf2 73. Bg4 Kg3 74. Bh5 Kh3 75. Bg4+ Kh4 76. Bf5 Bc3 77. Be6 Kg3 1/2-1/2

[Event "Mittelrhein Regionalliga 1920"]
[Site "Mittelrhein"]
[Date "2020.01.19"]
[Round "5.7"]
[White "Paulus, Jeffrey"]
[Black "Sommer, Stefan1111"]
[Result "1-0"]
[WhiteElo "1861"]
[BlackElo "1495"]
[PlyCount "45"]
[EventDate "2019.09.29"]
[EventType "team-tourn"]
[EventRounds "9"]
[EventCountry "GER"]
[SourceTitle "EXT 2023"]
[Source "ChessBase"]
[SourceDate "2022.10.05"]
[SourceVersion "1"]
[SourceVersionDate "2022.10.05"]
[SourceQuality "1"]
[WhiteTeam "Koeln Porz III"]
[BlackTeam "Koeln Ford SF"]
[WhiteTeamCountry "GER"]
[BlackTeamCountry "GER"]

1. d4 Nf6 2. c4 g6 3. Nc3 d5 4. cxd5 Nxd5 5. Bd2 Bg7 6. e4 Nxc3 7. Bxc3 0-0 8. Qd2 e6 9. Nf3 Nd7 10. Bc4 c5 11. Rd1 Nb6 12. Bb3 cxd4 13. Nxd4 Bd7 14. 0-0 Ba4 15. f4 Bxb3 16. axb3 Qb8 17. Qe2 Rd8 18. f5 exf5 19. exf5 Nd5 20. fxg6 hxg6 21. Rxf7 Nxc3 22. Rxg7+ Kh8 23. Qe7 1-0

[Event "Mittelrhein Regionalliga 1920"]
[Site "Mittelrhein"]
[Date "2019.12.08"]
[Round "4.6"]
[White "Paulus, Jeffrey"]
[Black "Horbach, Fabian"]
[Result "1-0"]
[WhiteElo "1891"]
[BlackElo "1928"]
[PlyCount "49"]
[EventDate "2019.09.29"]
[EventType "team-tourn"]
[EventRounds "9"]
[EventCountry "GER"]
[SourceTitle "EXT 2023"]
[Source "ChessBase"]
[SourceDate "2022.10.05"]
[SourceVersion "1"]
[SourceVersionDate "2022.10.05"]
[SourceQuality "1"]
[WhiteTeam "Koeln Porz III"]
[BlackTeam "Herzogenrath"]
[WhiteTeamCountry "GER"]
[BlackTeamCountry "GER"]

1. d4 Nf6 2. c4 e6 3. Nf3 b6 4. g3 Ba6 5. Qc2 Bb4+ 6. Bd2 Be7 7. Bg2 c6 8. 0-0 0-0 9. Re1 d5 10. Ne5 dxc4 11. Nxc6 Nxc6 12. Bxc6 Rc8 13. Qa4 Qxd4 14. Bf3 Qxb2 15. Qxa6 Bb4 16. Bxb4 Qxb4 17. Na3 c3 18. Rab1 Qc5 19. Rec1 Nd5 20. Rb3 Nb4 21. Qxa7 Nxa2 22. Rc2 Qd4 23. Qxb6 Qd2 24. Rxd2 cxd2 25. e3 1-0

[Event "Mittelrhein Regionalliga 1920"]
[Site "Mittelrhein"]
[Date "2019.10.27"]
[Round "2.5"]
[White "Brochhagen, Thomas"]
[Black "Paulus, Jeffrey"]
[Result "1/2-1/2"]
[WhiteElo "1944"]
[BlackElo "1891"]
[PlyCount "102"]
[EventDate "2019.09.29"]
[EventType "team-tourn"]
[EventRounds "9"]
[EventCountry "GER"]
[SourceTitle "EXT 2023"]
[Source "ChessBase"]
[SourceDate "2022.10.05"]
[SourceVersion "1"]
[SourceVersionDate "2022.10.05"]
[SourceQuality "1"]
[WhiteTeam "Langenfeld II"]
[BlackTeam "Koeln Porz III"]
[WhiteTeamCountry "GER"]
[BlackTeamCountry "GER"]

1. e4 c5 2. d3 Nc6 3. f4 d5 4. Be2 dxe4 5. dxe4 Qxd1+ 6. Bxd1 Nf6 7. Nc3 Bg4 8. Be3 e6 9. h3 Bxd1 10. Rxd1 Rd8 11. Nge2 Rxd1+ 12. Kxd1 Be7 13. Kc1 b5 14. Nxb5 Nxe4 15. Nbc3 Nf6 16. Na4 c4 17. Nd4 Nb4 18. Kb1 Nbd5 19. Bc1 0-0 20. f5 e5 21. Nc6 Bd6 22. Re1 e4 23. b3 Bg3 24. Re2 cxb3 25. axb3 Re8 26. c4 Ne7 27. Nxe7+ Rxe7 28. Bg5 Re5 29. Bxf6 gxf6 30. Nc3 Rxf5 31. Nxe4 Rf1+ 32. Kc2 Be5 33. b4 Ra1 34. Kb3 a5 35. bxa5 Rxa5 36. Kb4 Ra8 37. c5 Kf8 38. Nc3 Rb8+ 39. Kc4 Ke7 40. Nb5 Kd7 41. Ra2 h5 42. g4 hxg4 43. hxg4 Rg8 44. Kd5 Rxg4 45. Ra7+ Kd8 46. Rxf7 Rb4 47. Nd6 Rd4+ 48. Kc6 Bxd6 49. cxd6 Rc4+ 50. Kd5 Rc1 51. Rxf6 Rd1+ 1/2-1/2

[Event "Mittelrhein Regionalliga 16/17"]
[Site "Nordrheinwestfalen"]
[Date "2017.04.30"]
[Round "11.7"]
[White "Paulus, Jeffrey"]
[Black "Samak, Alexander"]
[Result "1-0"]
[WhiteElo "1993"]
[BlackElo "2034"]
[PlyCount "125"]
[EventDate "2016.09.11"]
[EventType "team-tourn"]
[EventRounds "11"]
[EventCountry "GER"]
[SourceTitle "EXT 2022"]
[Source "ChessBase"]
[SourceDate "2021.10.06"]
[SourceVersion "1"]
[SourceVersionDate "2021.10.06"]
[SourceQuality "1"]
[WhiteTeam "Porz SG III"]
[BlackTeam "Koeln SF II"]
[WhiteTeamCountry "GER"]
[BlackTeamCountry "GER"]

1. d4 Nf6 2. c4 e6 3. Nf3 Bb4+ 4. Nbd2 b6 5. a3 Bxd2+ 6. Bxd2 a5 7. Bf4 Bb7 8. e3 0-0 9. Be2 d6 10. 0-0 Qe7 11. Qc2 Nbd7 12. h3 Ne4 13. Rad1 f5 14. Nd2 Ndf6 15. f3 Nxd2 16. Rxd2 Nh5 17. c5 Nxf4 18. exf4 Bd5 19. Bc4 Bxc4 20. Qxc4 d5 21. Qe2 bxc5 22. dxc5 Qxc5+ 23. Kh1 Qd6 24. Re1 Rfe8 25. g3 Rab8 26. Qd3 Kf7 27. Qc3 Qb6 28. g4 g6 29. Rc1 Rbc8 30. gxf5 gxf5 31. Rg1 Rg8 32. Rdg2 d4 33. Qe1 Qc6 34. Qh4 Qxf3 35. Qxh7+ Kf6 36. Qh4+ Kf7 37. Qh7+ Kf6 38. Qh4+ Kf7 39. Kh2 Rxg2+ 40. Rxg2 e5 41. fxe5 Ke6 42. Qxd4 Rh8 43. Qc4+ Qd5 44. Rg6+ Kxe5 45. Qxc7+ Ke4 46. Qe7+ Qe5+ 47. Qxe5+ Kxe5 48. Ra6 Ke4 49. Rxa5 f4 50. Ra7 Kf3 51. Rc7 Re8 52. Rc3+ Re3 53. a4 Ke2 54. Rc2+ Kd1 55. Rf2 Re2 56. Kg1 Ke1 57. Rf1+ Kd2 58. Rxf4 Ke3 59. Rb4 Kf3 60. Rb3+ Ke4 61. a5 Kd4 62. a6 Kc4 63. a7 1-0

[Event "Mittelrhein Regionalliga 16/17"]
[Site "Nordrheinwestfalen"]
[Date "2017.03.19"]
[Round "9.5"]
[White "Paulus, Jeffrey"]
[Black "Huelsmann, Josef"]
[Result "1/2-1/2"]
[WhiteElo "1967"]
[BlackElo "2125"]
[PlyCount "49"]
[EventDate "2016.09.11"]
[EventType "team-tourn"]
[EventRounds "11"]
[EventCountry "GER"]
[SourceTitle "EXT 2022"]
[Source "ChessBase"]
[SourceDate "2021.10.06"]
[SourceVersion "1"]
[SourceVersionDate "2021.10.06"]
[SourceQuality "1"]
[WhiteTeam "Porz SG III"]
[BlackTeam "Langenfeld"]
[WhiteTeamCountry "GER"]
[BlackTeamCountry "GER"]

1. d4 d5 2. Nf3 c6 3. Bf4 e6 4. e3 Nf6 5. h3 Nbd7 6. Nbd2 Be7 7. Bd3 0-0 8. 0-0 c5 9. c3 b6 10. Qe2 Bb7 11. Ne5 Ne4 12. Nxe4 dxe4 13. Ba6 Qc8 14. Bxb7 Qxb7 15. Nxd7 Qxd7 16. dxc5 Bxc5 17. Rfd1 Qc6 18. Qg4 Be7 19. Be5 f6 20. Bd6 f5 21. Qg3 Rae8 22. Bxe7 Rxe7 23. Qe5 Rc8 24. Rd4 Qc5 25. Qd6 1/2-1/2

[Event "Mittelrhein Regionalliga 16/17"]
[Site "Nordrheinwestfalen"]
[Date "2016.12.18"]
[Round "5.6"]
[White "Schott, Helmut"]
[Black "Paulus, Jeffrey"]
[Result "0-1"]
[WhiteElo "1728"]
[BlackElo "1974"]
[PlyCount "96"]
[EventDate "2016.09.11"]
[EventType "team-tourn"]
[EventRounds "11"]
[EventCountry "GER"]
[SourceTitle "EXT 2022"]
[Source "ChessBase"]
[SourceDate "2021.10.06"]
[SourceVersion "1"]
[SourceVersionDate "2021.10.06"]
[SourceQuality "1"]
[WhiteTeam "Dormagen SV"]
[BlackTeam "Porz SG III"]
[WhiteTeamCountry "GER"]
[BlackTeamCountry "GER"]

1. Nf3 c5 2. g3 b6 3. Bg2 Bb7 4. 0-0 e6 5. d3 d5 6. Nbd2 Nf6 7. Re1 h6 8. b3 Qc7 9. Bb2 Nbd7 10. e4 d4 11. a4 Be7 12. Nc4 0-0 13. Bc1 e5 14. Rf1 Nh7 15. Bh3 Bf6 16. Ne1 Ng5 17. Bxg5 hxg5 18. Nf3 Nb8 19. Qd2 Qe7 20. Bg4 Nc6 21. Kg2 g6 22. Rh1 Kg7 23. h4 gxh4 24. Nxh4 Bg5 25. Qe2 Rh8 26. Nf3 Ba6 27. Nb2 Rxh1 28. Rxh1 Rh8 29. Rxh8 Kxh8 30. Ng1 Bc1 31. Nd1 Nb4 32. Nh3 Qd6 33. Ng1 Kg7 34. Nf3 f6 35. Ne1 Kf7 36. f3 Qd8 37. Nf2 Qh8 38. Nh3 Qh6 39. Qf1 Qd2+ 40. Qf2 Qxf2+ 41. Nxf2 Bd2 42. Kf1 Bxe1 43. Kxe1 Nxc2+ 44. Kd2 Na1 45. b4 cxb4 46. Bd7 Nb3+ 47. Kc2 Nc5 48. Bc6 b3+ 0-1

[Event "Goch op 27th"]
[Site "Goch"]
[Date "2016.09.03"]
[Round "4"]
[White "Daverkausen, Bernd"]
[Black "Paulus, Jeffrey"]
[Result "1-0"]
[WhiteElo "2128"]
[BlackElo "1987"]
[PlyCount "51"]
[EventDate "2016.09.01"]
[EventType "swiss"]
[EventRounds "7"]
[EventCountry "GER"]
[SourceTitle "EXT 2018"]
[Source "ChessBase"]
[SourceDate "2017.10.13"]
[SourceVersion "1"]
[SourceVersionDate "2017.10.13"]
[SourceQuality "1"]

1. Nf3 c5 2. c4 Nf6 3. Nc3 e6 4. g3 b6 5. Bg2 Bb7 6. 0-0 Be7 7. b3 d5 8. e3 0-0 9. Bb2 Re8 10. cxd5 Nxd5 11. Nxd5 Qxd5 12. d4 Na6 13. e4 Qd6 14. Qe2 Rad8 15. Rfd1 Qb8 16. Ne5 cxd4 17. Rxd4 Bf6 18. Nd7 Qa8 19. Nxf6+ gxf6 20. Qg4+ Kf8 21. Rxd8 Qxd8 22. Rd1 Qe7 23. Rd7 Qxd7 24. Bxf6 Re7 25. Qg7+ Ke8 26. Qg8# 1-0

[Event "Goch op 27th"]
[Site "Goch"]
[Date "2016.09.02"]
[Round "2"]
[White "Heinemann, Ernst"]
[Black "Paulus, Jeffrey"]
[Result "1-0"]
[WhiteElo "2163"]
[BlackElo "1987"]
[PlyCount "43"]
[EventDate "2016.09.01"]
[EventType "swiss"]
[EventRounds "7"]
[EventCountry "GER"]
[SourceTitle "EXT 2018"]
[Source "ChessBase"]
[SourceDate "2017.10.13"]
[SourceVersion "1"]
[SourceVersionDate "2017.10.13"]
[SourceQuality "1"]

1. e4 g6 2. d4 Bg7 3. Nc3 c6 4. Nf3 d5 5. Bf4 dxe4 6. Nxe4 Bg4 7. Bc4 Qa5+ 8. Bd2 Qf5 9. Qe2 Bxf3 10. gxf3 Kf8 11. 0-0-0 Bxd4 12. Rhe1 b5 13. Bb3 Na6 14. Ng5 Nb4 15. Nxf7 Nxc2 16. Nh6 Qf6 17. Kxc2 Bxb2 18. Nxg8 Rxg8 19. Bh6+ Rg7 20. Bxg7+ Qxg7 21. Qd3 b4 22. Qd8+ 1-0

[Event "Goch op 27th"]
[Site "Goch"]
[Date "2016.09.01"]
[Round "1"]
[White "Paulus, Jeffrey"]
[Black "Mueller, Hans Peter"]
[Result "1-0"]
[WhiteElo "1987"]
[BlackElo "1523"]
[PlyCount "151"]
[EventDate "2016.09.01"]
[EventType "swiss"]
[EventRounds "7"]
[EventCountry "GER"]
[SourceTitle "EXT 2018"]
[Source "ChessBase"]
[SourceDate "2017.10.13"]
[SourceVersion "1"]
[SourceVersionDate "2017.10.13"]
[SourceQuality "1"]

1. d4 d5 2. c4 c6 3. Nc3 Nf6 4. Nf3 e6 5. g3 Bd6 6. Bg2 0-0 7. 0-0 Nbd7 8. b3 b6 9. Qc2 h6 10. Bb2 Ba6 11. e4 dxe4 12. Nxe4 Nxe4 13. Qxe4 Bb7 14. Nd2 Nf6 15. Qc2 Qc7 16. c5 bxc5 17. dxc5 Be7 18. Qc3 Rfd8 19. Ne4 Rd7 20. Rfd1 Rad8 21. Bf3 Ba6 22. Rxd7 Rxd7 23. Rd1 Rxd1+ 24. Bxd1 Qd7 25. Bf3 Kf8 26. Qd4 Ke8 27. Nd6+ Kf8 28. Qf4 Bxd6 29. cxd6 Nd5 30. Qa4 Bb5 31. Qa5 f6 32. a4 Bd3 33. Bd4 a6 34. Qd2 Bf5 35. Bc5 Ke8 36. g4 Bg6 37. Be2 e5 38. Qa5 Nf4 39. Qxa6 Bd3 40. Qa8+ Kf7 41. Bd1 Ne2+ 42. Bxe2 Bxe2 43. Qa7 Qxa7 44. Bxa7 Bxg4 45. Bc5 Ke8 46. a5 Be2 47. d7+ Kxd7 48. Bf8 Ke6 49. Bxg7 h5 50. Bf8 Kd5 51. b4 f5 52. Kg2 Ke6 53. Bg7 Kd5 54. Bf8 Ke6 55. Kg3 f4+ 56. Kh4 Kf5 57. Bc5 Kg6 58. Bd6 Kf5 59. Bc7 e4 60. Bb6 Kg6 61. Bc5 Bb5 62. Bb6 Be2 63. Bc7 Kf5 64. Bd6 Bb5 65. Kxh5 Be2+ 66. Kh6 Kg4 67. Kg6 Bb5 68. Kf6 f3 69. Bg3 Bc4 70. Ke5 Bd3 71. Kd6 Bb5 72. Kc5 Kf5 73. Kb6 Ke6 74. a6 Bxa6 75. Kxa6 Kd7 76. Kb6 1-0

[Event "Cologne Longerich op-A 13th"]
[Site "Cologne"]
[Date "2016.08.12"]
[Round "1"]
[White "Paulus, Jeffrey"]
[Black "Baltic, Fatih"]
[Result "1/2-1/2"]
[WhiteElo "2004"]
[BlackElo "2103"]
[PlyCount "57"]
[EventDate "2016.08.12"]
[EventType "swiss"]
[EventRounds "5"]
[EventCountry "GER"]
[SourceTitle "EXT 2022"]
[Source "ChessBase"]
[SourceDate "2021.10.06"]
[SourceVersion "1"]
[SourceVersionDate "2021.10.06"]
[SourceQuality "1"]

1. d4 Nf6 2. c4 e6 3. Nf3 Bb4+ 4. Nbd2 0-0 5. g3 b6 6. Bg2 Bb7 7. 0-0 Bxd2 8. Bxd2 d6 9. b4 Nbd7 10. Rc1 c5 11. Bf4 Ne4 12. dxc5 dxc5 13. Ng5 Ndf6 14. Be5 Qc8 15. Nxe4 Nxe4 16. Qc2 Ng5 17. h4 Bxg2 18. Kxg2 Qc6+ 19. f3 f6 20. b5 Qb7 21. hxg5 fxe5 22. Rh1 g6 23. Rh4 Rad8 24. Rch1 Rd7 25. Qc3 Rf5 26. Qe3 Qc7 27. Re4 Rd4 28. Rhh4 Kg7 29. a3 1/2-1/2

[Event "Mittelrhein Verbandsliga-O 15/16"]
[Site "Nordrheinwestfalen"]
[Date "2016.05.01"]
[Round "11"]
[White "Paulus, Jeffrey"]
[Black "Loeffler, Friedrich"]
[Result "1-0"]
[WhiteElo "2005"]
[BlackElo "1951"]
[PlyCount "76"]
[EventDate "2015.09.06"]
[EventType "team-tourn"]
[EventRounds "11"]
[EventCountry "GER"]
[SourceTitle "EXT 2022"]
[Source "ChessBase"]
[SourceDate "2021.10.06"]
[SourceVersion "1"]
[SourceVersionDate "2021.10.06"]
[SourceQuality "1"]
[WhiteTeam "Porz SG IV"]
[BlackTeam "Bruehl III"]
[WhiteTeamCountry "GER"]
[BlackTeamCountry "GER"]

1. d4 Nf6 2. c4 e6 3. Nc3 c5 4. d5 exd5 5. cxd5 d6 6. e4 a6 7. a4 g6 8. f4 Nbd7 9. Nf3 Bg7 10. Be2 0-0 11. 0-0 Re8 12. Nd2 Qc7 13. Kh1 Rb8 14. Ra3 b6 15. g4 Nf8 16. g5 N6d7 17. Bc4 Bxc3 18. Rxc3 b5 19. axb5 axb5 20. Be2 Qb6 21. b3 Ba6 22. Bb2 b4 23. Rh3 Ra8 24. Bc4 Qd8 25. Qf3 Qe7 26. Re1 Bxc4 27. Nxc4 Ra2 28. Qg3 f6 29. e5 fxg5 30. Qxg5 Nb6 31. Qxe7 Rxe7 32. Nxb6 Rxb2 33. Rhe3 dxe5 34. fxe5 Rd2 35. e6 g5 36. Re5 h6 37. Nc4 Rd3 38. R1e3 Ng6 1-0

[Event "GER-ch U25 op-A"]
[Site "Willingen"]
[Date "2015.05.27"]
[Round "6"]
[White "Paulus, Jeffrey"]
[Black "Wastian, Jan"]
[Result "1-0"]
[WhiteElo "1973"]
[BlackElo "1800"]
[PlyCount "109"]
[EventDate "2015.05.24"]
[EventType "swiss"]
[EventRounds "9"]
[EventCountry "GER"]
[SourceTitle "CBM 166 Extra"]
[Source "ChessBase"]
[SourceDate "2015.06.18"]
[SourceVersion "1"]
[SourceVersionDate "2015.06.18"]
[SourceQuality "1"]

1. e4 c6 2. d4 d5 3. e5 Bf5 4. h4 h5 5. c4 e6 6. Nc3 Ne7 7. Bd3 Bxd3 8. Qxd3 dxc4 9. Qxc4 Nd5 10. Nf3 Be7 11. Bg5 Nd7 12. 0-0 0-0 13. Rae1 Re8 14. Qd3 Nf8 15. Ne4 f6 16. exf6 Nxf6 17. Ng3 Qd6 18. Bxf6 Bxf6 19. Nxh5 Qe7 20. Qe4 Rad8 21. g3 Rd6 22. Qg4 Red8 23. Re4 Rd5 24. Rfe1 Re8 25. Nf4 Rd6 26. Nh3 Nh7 27. Nfg5 Bxg5 28. Nxg5 Nf6 29. Rxe6 Rxe6 30. Qxe6+ Qxe6 31. Rxe6 Rxe6 32. Nxe6 b6 33. Nd8 c5 34. dxc5 bxc5 35. f3 Nd7 36. Kf2 Kf8 37. Ne6+ Kf7 38. Nc7 Ne5 39. Ke2 Ke7 40. f4 Nc4 41. b3 Nb6 42. Nb5 a6 43. Nc3 Ke6 44. g4 Nd7 45. Kf3 g6 46. h5 gxh5 47. gxh5 Kf5 48. Ne4 Ke6 49. h6 Kf7 50. Ng5+ Kg6 51. h7 Kg7 52. f5 Nf6 53. Kf4 Nd7 54. Ke4 Nf6+ 55. Ke5 1-0

[Event "GER-chT U20"]
[Site "Osnabrueck"]
[Date "2010.12.27"]
[Round "1.3"]
[White "Paulus, Jeffrey"]
[Black "Brzezinka, Kenneth"]
[Result "1-0"]
[WhiteElo "1881"]
[BlackElo "1768"]
[PlyCount "67"]
[EventDate "2010.12.27"]
[EventType "team-swiss"]
[EventRounds "7"]
[EventCountry "GER"]
[SourceTitle "CBM 140 Extra"]
[Source "ChessBase"]
[SourceDate "2011.03.01"]
[SourceVersion "1"]
[SourceVersionDate "2011.03.01"]
[SourceQuality "1"]
[WhiteTeam "Koeln Porz"]
[BlackTeam "Neumuehl"]
[WhiteTeamCountry "GER"]
[BlackTeamCountry "GER"]

1. d4 d5 2. Nf3 e6 3. c4 Nf6 4. Bg5 Nbd7 5. Nc3 c6 6. e3 Bd6 7. Bd3 0-0 8. Qc2 h6 9. Bh4 dxc4 10. Bxc4 b5 11. Bd3 a6 12. 0-0 Bb7 13. Ne4 Be7 14. Rac1 Rc8 15. Rfd1 Nxe4 16. Bxe7 Qxe7 17. Bxe4 f5 18. Bd3 c5 19. Qe2 c4 20. Bb1 Rc7 21. e4 f4 22. Qc2 Nf6 23. e5 Ne4 24. Nd2 Ng5 25. h4 Bxg2 26. Kxg2 f3+ 27. Kf1 Rf4 28. hxg5 Qxg5 29. Qg6 Qh4 30. Qxe6+ Rcf7 31. Ke1 Rxd4 32. Bg6 Qh1+ 33. Nf1 Rxd1+ 34. Rxd1 1-0

[Event "GER-ch U25 op"]
[Site "Willingen"]
[Date "2009.06.01"]
[Round "3"]
[White "Paulus, Jeffrey"]
[Black "Rosenberger, Andreas"]
[Result "1-0"]
[WhiteElo "1917"]
[BlackElo "1478"]
[PlyCount "53"]
[EventDate "2009.05.30"]
[EventType "swiss"]
[EventRounds "9"]
[EventCountry "GER"]
[SourceTitle "EXT 2010"]
[Source "ChessBase"]
[SourceDate "2010.11.25"]
[SourceVersion "1"]
[SourceVersionDate "2010.11.25"]
[SourceQuality "1"]

1. Nf3 Nf6 2. c4 g6 3. b3 Bg7 4. Bb2 d6 5. Nc3 0-0 6. g3 Nc6 7. d4 e5 8. d5 Ne7 9. Bg2 Nh5 10. e4 f5 11. exf5 Bxf5 12. 0-0 Nf6 13. Ng5 Rb8 14. f4 h6 15. Nh3 Qd7 16. fxe5 Bxh3 17. Rxf6 Bxf6 18. exf6 Rxf6 19. Ne4 Rf7 20. Qd4 Kf8 21. Qh8+ Ng8 22. Nf6 Qf5 23. Qxg8+ Ke7 24. Re1+ Qe5 25. Rxe5+ dxe5 26. Qxb8 Kxf6 27. Bxh3 1-0

[Event "NRW-ch U18"]
[Site "Kranenburg"]
[Date "2007.04.14"]
[Round "7"]
[White "Paulus, Jeffrey"]
[Black "Diepenbrock, Till"]
[Result "0-1"]
[WhiteElo "1562"]
[BlackElo "1676"]
[PlyCount "77"]
[EventDate "2007.04.09"]
[EventType "swiss"]
[EventRounds "7"]
[EventCountry "GER"]
[SourceTitle "EXT 2008"]
[Source "ChessBase"]
[SourceDate "2007.11.25"]
[SourceVersion "1"]
[SourceVersionDate "2007.11.25"]
[SourceQuality "1"]

1. e4 c5 2. Nf3 Nc6 3. d4 cxd4 4. Nxd4 e6 5. Nc3 Nf6 6. Bg5 Be7 7. Bc4 a6 8. 0-0 Qc7 9. Bb3 0-0 10. Nxc6 bxc6 11. Qe2 h6 12. Bh4 d5 13. e5 Nh7 14. Bxe7 Qxe7 15. f4 a5 16. Qf2 c5 17. Nb5 a4 18. Bxa4 Rxa4 19. b3 Ra8 20. Nd6 Qc7 21. g4 f6 22. Qg3 fxe5 23. fxe5 Rxf1+ 24. Rxf1 Rxa2 25. Rf7 Ra1+ 26. Kg2 Qd8 27. h4 Ba6 28. Qf2 Rf1 29. Qxc5 Rxf7 30. Nxf7 Kxf7 31. Qa7+ Qe7 32. Qxa6 Qxh4 33. Qf1+ Kg8 34. Qe2 Ng5 35. c4 Qh3+ 36. Kf2 Ne4+ 37. Kg1 Qg3+ 38. Kf1 Qxb3 39. cxd5 0-1